Filmbeschreibungen Google Übersetzer - Statistiken

Allgemein
  • Dieses Quiz wurde 918 mal gespielt
  • Das Durchschnittsergebnis liegt bei 4 aus 11
Antwortstatistiken
Hint Antwort % Korrekt
Locke war Boxer. Der Superstar verteidigte seinen Titel gegen Apollo, aber Rocky trainierte weiter. Jetzt ist es an der Zeit, eine Entscheidung zu treffen. Rocky
82%
Super Mario Bros. Gedichte und Gedichte. Pauls Film ist ein unterhaltsames und spannendes Spiel, das auf dem Nintendo-Spiel Hell basiert, in dem Mario und Luigi durch einen versteckten Tunnel eine mysteriöse neue Welt erkunden. Der Super Mario Bros. Film
70%
Tourettes Domino gewinnt illegales Straßenrennen in Los Angeles. Der berühmteste der Räuber war die schöne Tochter von Nakdar Shah. Eines Tages taucht ein junger Mann namens Brian O'Connor auf und bedroht Dominique. The Fast and the Furious
64%
Staub bedeckte den Raum. Nachfolgend finden Sie eine kurze Zusammenfassung. Alter Freund: John Kramer, aber dieser Freund ist vor 10 Jahren gestorben. Doch wer ist für den Mord verantwortlich? Kann einer der Schüler das Erbe von Jigsaw als Lehrer fortführen? Ist das ein Ermittler der Mordkommission? Jigsaw
45%
Sie sind im Flugzeug, damit die Leute sie sehen können. Drei Außerirdische griffen die Stadt an und verließen das Team. Ein hungriger zehnjähriger Junge reist durch den Wald, bis er Elliott findet. E.T.
40%
Als die Kinder der Stadt verschwinden, sind die Leute überrascht, die kluge Französin Penny zu sehen. ES
37%
Mia und der Jazzmusiker Sebastian treffen sich in Los Angeles. Sie haben sich tagelang vorbereitet. Ich freue mich so sehr, wenn ich einen Brief bekomme. La La Land
28%
Ein großes weißes Objekt landete auf einer Insel vor der Küste von Atlanta. Laut CEO Brodie angeln lokale Freunde. Alle Strände sind für kommerzielle Aktivitäten wie Geschäfte und Hotels gesperrt. Als das Meer zurückkehrt, stellt Brody einen Leibwächter zusammen und jagt den Feind ins Meer. Der weiße Hai
23%
Eine Hochzeit, die Sie nie vergessen werden! Sophie wollte nicht, dass ihr Vater sie verhaftete. Mamma Mia!
21%
Der Gouverneur war immer da. Von Tyrannosaurus Rex bis Napoleon hatte er einige der schlechtesten Lehrer seiner Zeit. Schließlich erfüllen nicht alle Strafverfolgungsbehörden die gleichen Aufgaben. Menschen leiden unter mangelnder Führung. Minions
12%
Dreißig Jahre später verschiebt Mark weiterhin die Grenzen der Führung, aber er hat es verdient, als bester Kandidat für die prestigeträchtige Veranstaltung erfolgreich zu sein, und am Ende wurde er zum „Erhabenen“ gewählt. Top Gun: Maverick
3%
Keine übereinstimmenden Quizze gefunden
Verteilung der Resultate
Anzahl Personen mit jedem Resultat
Perzentil nach korrekt beantworteten Fragen
Ihre Resultats-Entwicklung
Sie haben dieses Quiz noch nicht gespielt